Statistieken voor UEFA Nations League Divisie D 2018/2019 - voetbal

Klik hier om de quiz te nemen!

Algemene statistieken

  • Deze quiz is 22 keer genomen
  • De gemiddelde score is 11 van 16

Antwoordstatistieken

Antwoord% Correct
San Marino
100%
Andorra
89%
Letland
83%
Malta
83%
Wit-Rusland
83%
Kosovo
78%
Liechtenstein
78%
Moldavië
72%
Noord-Macedonië
67%
Gibraltar
61%
Luxemburg
61%
Georgië
56%
Armenië
50%
Azerbeidzjan
50%
Kazachstan
28%
Faeröer
11%

Scoreverdeling

Percentiel versus Aantal Correcte Antwoorden

Procent van Mensen met Elke Score

Uw Scoregeschiedenis

U heeft deze quiz nog niet genomen